01686cam a2200361 i 4500003000900000005001700009007000300026008004100029020001500070040003000085082002200115100005300137240002200190245008900212264005000301264000900351300002600360336002700386337003300413338002800446490002000474490002500494500005900519520044400578590002701022650002501049650002801074700005201102910001401154942001401168952012501182999001701307DO-SdBNP20240625114404.0ta240625s1980 sp 000 0 spa d a8420617806 aDO-SdBNPbspacBNPHUerda a823.8bS847is2221 aStevenson, Robert Louis,b1850-189491070eautor1 aTreasure island /13aLa isla del tesoro /cRobert Louis Stevenson ; traducción Fernando Santos Fontenla 1aMadrid, España :bAlianza editorial,c1980. 3c1995 a215 páginasc18 cm. 2rdacontentatextobtxt 2rdamediaasin mediaciónbn 2rdacarrieravolumenbnc aClásicosv780 aEl libro de bolsillo aLa biblioteca posee la décima reimpresión de 1995. aCuando el joven Jim Hawkins encuentra el mapa de una isla desierta en la que se ha escondido un tesoro, recurre a influyentes amigos para fletar la Hispaniola y emprender el viaje. Cuenta con su audacia, la experiencia del capitán Smollet y la inteligencia del doctor Livesey. Pero la tripulación está formada por una banda de filibusteros a las órdenes de John Silver, un verdadero pirata sanguinario que codicia el mismo tesoro.  aInventariado, 2024/ YL 4aNovela inglesa91071 4aLiteratura inglesa94981 aSantos Fontenla, Fernando etraducción985777 aYLockward 2ddccLBS1 00102ddc56708GRaBNPHUbBNPHUcCTd2014-06-02eDonación l0o823.8 S847isp2024-3718r2024-06-25w2024-06-25yLBS1 c56976d56976